000 00600nam a2200181Ia 4500
008 151202s9999||||xx |||||||||||||| ||und||
082 _bPNVM-72128
100 _aकाणे मानसी.
245 _aकथा महादेवाच्या.
260 _bपरी प्रकाशन कोल्हापूर.
260 _c72128
300 _a136
600 _aकाणे मानसी.
630 _aकथा महादेवाच्या.
700 _aकाणे मानसी.
730 _aकथा महादेवाच्या.
942 _cBOOK
999 _c1338796
_d1338793